Palabras clave: un vocabulario de la cultura y la sociedad

Saved in:
Bibliographic Details
Main Author: Williams, Raymond (Author)
Format: Book
Language:Spanish
Published: Buenos Aires Nueva Visión 2000
Edition:1a. ed
Series:Claves
Subjects:
Tags: Add Tag
No Tags, Be the first to tag this record!

MARC

LEADER 00000nam a2200000 a 4500
001 UCI9269
003 CL-VaPUC
008 081106e20000000AG |||||||||||||||||spa|d
020 |a 9789506024130 
082 0 4 |a 306  |b WIL  |2 21 
100 0 |a Williams, Raymond  |e author  |9 532894 
245 1 0 |a Palabras clave: un vocabulario de la cultura y la sociedad 
250 |a 1a. ed 
300 |a 331 p 
942 |c BK 
945 |d 20081106 00:00:00  |a rbrito 
260 |a Buenos Aires  |b Nueva Visión  |c 2000 
650 0 |a Cultura  |9 269059 
650 0 |a Vocabulario  |9 345405 
650 0 |a Significado  |9 319330 
583 |a last modification  |c 20081106 00:00:00  |k Rodrigo Vera 
490 0 |a Claves 
999 |c 331836  |d 331834 
952 |0 0  |1 0  |4 0  |6 306_000000000000000_WIL_2000  |7 0  |8 A  |9 418995  |a BIBCUR  |b BIBCUR  |d 2019-11-22  |i 4495284  |o 306 WIL 2000  |p 4495284  |r 2025-04-22  |w 2019-11-22  |y BK  |k MGC